000 01826nam a2200553 i 4500
001 24354
003 KOSZ 005
005 20250722063905.0
008 970510s1995 pl a f |000 0 pol
015 _aUWD 1995/5136
020 _a830111438X
035 _a991000045149705066
035 _a(PL-WaBN)b10045508-48omnis_nlop
035 _ab10045508
035 _a(OCoLC)830050466
035 _a(PL)b0000001004550
035 _a(EXLNZ-48OMNIS_NETWORK)9910038968805606
040 _aWA N
_cWA N
_dKOSZ 005/EG
046 _k1994
080 _a657
080 _a658.14/.17
080 _a(075.8)
100 1 _aDobija, Mieczysław
_d(1943- )
_eAutor
245 1 0 _aRachunkowość zarządcza /
_cMieczysław Dobija ; Fundacja Edukacyjna Przedsiębiorczości.
250 _a[Wyd. 1., dodr.].
260 _aWarszawa :
_bWydaw. Naukowe PWN,
_c1995.
300 _a275, [1] s. :
_brys., wykr. ;
_c24 cm.
336 _2rdacontent
_aTekst
_btxt
337 _2rdamedia
_aBez urządzenia pośredniczącego
_bn
338 _2rdacarrier
_aWolumin
_bnc
380 _aKsiążki
380 _aPublikacje dydaktyczne
385 _mPoziom nauczania
_aSzkoły wyższe
388 _a1901-2000
490 1 _aPrzedsiębiorczość
504 _aBibliogr. s. [276].
650 7 _aDecyzje
_2DBN
650 7 _aGospodarka
650 7 _aPrzedsiębiorstwo
_2DBN
650 7 _aEkonomika
650 7 _aRachunkowość zarządcza
_2DBN
655 7 _aPodręczniki akademickie
_2DBN
658 _aGospodarka, ekonomia, finanse
710 2 _aWydawnictwo Naukowe PWN
_4pbl
830 0 _aPrzedsiębiorczość (PWN)
856 _uhttp://koha.tu.koszalin.pl/cgi-bin/koha/opac-detail.pl?biblionumber=24354
_yKatalog online BPK
942 _2UKD
_cKS
999 _c24354
_d24354